Heart of the matter : agarwood use and trade and CITES implementation for aquilaria malaccensis

Bibliographic Details
Main Author: BARDEN
Format: Book
Published: Cambridge, UK : TRAFFIC International , 2000
Series:A TRAFFIC network report
Subjects:

MARC

LEADER 00000cam a2200000 7i4500
001 0000002525
005 20030717.0
020 0 0 |a 1858501776 
090 0 0 |a 634.9   |b BAR 2000 
100 1 0 |a BARDEN   |h Angela 
245 1 0 |a Heart of the matter :   |b agarwood use and trade and CITES implementation for aquilaria malaccensis   |c Angela Barden ... (et al.) 
260 0 0 |a Cambridge, UK :   |b TRAFFIC International ,   |c 2000 
300 |a viii, 52 p. :   |b ill. ;   |c 30 cm. 
440 0 0 |a A TRAFFIC network report 
500 0 0 |a Bibliography : p. 50-51 
650 0 0 |a Timber 
998 |a JPSM 
999 |a 0000004679   |b Monograph   |c Open Shelf   |e Default branch